000 00510nam a22001817a 4500
005 20260424123238.0
008 260424b |||||||| |||| 00| 0 eng d
037 _cDSWL
040 _aDSWL
_cDSWL
041 _hhindi
100 _aमहंत, नवकृष्ण
_91235662
245 _aअप्पू की कहानी
260 _aNew Delhi,
_bNational Book Trust,
_c2005
300 _a31p
365 _aINR
_b45
942 _2CC
_cTEXL
_n0
999 _c1848512
_d1848512